Countries starting with T - Statistics

General Stats
  • This quiz has been taken 39 times
  • The average score is 8 of 11
Answer Stats
Answer % Correct
Turkey
89%
Tanzania
87%
Turkmenistan
87%
Thailand
84%
Trinidad and Tobago
82%
Tajikistan
79%
Togo
76%
Tuvalu
76%
Tonga
74%
Tunisia
74%
Timor-Leste
26%
No matching quizzes found
Score Distribution
Percent of People with Each Score
Percentile by Number Answered
Your Score History
You have not taken this quiz